000 00831cad a22002535a 4500
001 L158746
008 121219e2015 xxk 000 0 eng d
035 _a(Sirsi) u158746
041 0 _aeng
100 1 _aEmmerson, Roy
245 0 2 _aA future opportunity?
_h[electronic resource]
260 _c2015
490 _aRICS Property Journal
_vJuly-August 2015, 44-45(2)
520 _aDiscusses the benefit of using drones.
650 2 4 _aDRONE
650 2 4 _aSURVEYING EQUIPMENT
650 2 4 _aBUILDING SURVEY
650 2 4 _aCIVIL AVIATION AUTHORITY
651 4 _aUnited Kingdom
_y
690 _aBuilding surveying
_96225
710 _aRoyal Institution of Chartered Surveyors
_94900
856 4 0 _uhttps://www.rics.org/uk/news/journals/property-journal
_zView the journal free of charge at www.rics.org/journals...
942 _n0
999 _c84680
_d84680